| 000 | 00876nam a2200229Ii 4500 | ||
|---|---|---|---|
| 003 | JO-AjNU | ||
| 008 | 230605s9999||||xx |||||||||||||| ||und|| | ||
| 017 | _a96/11416 | ||
| 040 |
_aJO-AjNU _bara _erda _cJO-AjNU |
||
| 041 | _aara | ||
| 050 | 1 | 4 | _aZ710.M8334 1996 |
| 100 | 3 |
_aعبدالهادي، محمد فتحي , _eauthor _924455 |
|
| 245 | 0 | 0 | _aعلم المكتبات والمعلومات : دراسات في المؤسسات والاعلام والانتاج الفكري |
| 250 | _aط1 | ||
| 264 | 3 | 1 | _aالقاهرة: مكتبة الدار العربية للكتاب، 1996 |
| 300 | _a270ص | ||
| 336 |
_atext _btxt _2rdacontent |
||
| 337 |
_aunmediated _bn _2rdamedia |
||
| 338 |
_avolume _bnc _2rdacarrier |
||
| 490 | 0 | _aدراسات في علم المكتبات والمعلومات 2 | |
| 650 | 4 |
_aعلم المكتبات-علم المعلومات _924456 |
|
| 999 |
_aA9008 _c12576 _d12576 |
||